Normal view
MARC view
- Search and find game
Entry Topical Term
001 - CONTROL NUMBER
- control field: 86995
003 - CONTROL NUMBER IDENTIFIER
- control field: OSt
005 - DATE AND TIME OF LATEST TRANSACTION
- control field: 20251205144605.0
008 - FIXED-LENGTH DATA ELEMENTS
- fixed length control field: 251205|| aca||aabn | a|a d
040 ## - CATALOGING SOURCE
- Original cataloging agency: OSt
- Transcribing agency: OSt
150 ## - HEADING--TOPICAL TERM
- Topical term or geographic name as entry element: Search and find game
670 ## - SOURCE DATA FOUND
- Source citation: Work cat.: (OSt)49870: Handford, Martin. 36537, Where's Wally? :, 1991.